01246nam a2200193Ia 4500001001100000003001000011008004100021040002500062041001300087100004500100245011200145250001100257260008700268300001200355500026400367501011400631520026400745650004301009A085-34641IT-CnALBA170116s9999||||xx |||||||||||||| ||und|| aIT-CnALBAcIT-CnALBA aITALIANO aBOSSUET JACQUES-BENIGNE VESCOVO DI MEAUX 0aOPERE DI BOSSUET. DUE ISTRUZIONI PASTORALI SOPRA LE PROMESSE FATTE DA GESÙ CRISTO ALLA CHIESA. TOMO XIV.  a1a ed. a VENEZIAbZERLETTI PIETRO (PRESSO) c1796 [1° Ed.:1796 - Ed.Ling.Originale: 1796] a268 p.  aPROMESSE DELLA CHIESA. GESÙ CRISTO E LA CHIESA. FINE DEL MONDO. GLI ERETICI E LE ERESIE. PROMESSE DI GESÙ AI PASTORI E AL POPOLO CRISTIANO. CHIESA E SINAGOGA. STATO DELLA CHIESA GIUDAICA AL TEMPO DI CRISTO. DIFFERENZE TRA CATTOLICI E PROTESTANTI. DONI DEG aSocietà San Paolo EM - Piazza San Paolo, 14 - 12051 ALBA (CN) (non commercial uses only) ® Copyright 2017 aPROMESSE DELLA CHIESA. GESÙ CRISTO E LA CHIESA. FINE DEL MONDO. GLI ERETICI E LE ERESIE. PROMESSE DI GESÙ AI PASTORI E AL POPOLO CRISTIANO. CHIESA E SINAGOGA. STATO DELLA CHIESA GIUDAICA AL TEMPO DI CRISTO. DIFFERENZE TRA CATTOLICI E PROTESTANTI. DONI DEG aRACCOLTE DI CARATTERE GEN. IN ITALIANO